000 01298ckm a22003497a 4500
999 _c478842
_d478842
001 11723289
003 NUST
005 20180801075125.0
007 kj|co
007 cr |||
008 981006q19361941caunnn kneng
010 _a 98516941
020 _a9781840220599
035 _a(DLC)11723289
037 _aLC-USZC2-5484
_bDLC
_c(color film copy slide)
038 _aArshad
040 _aDLC
_cDLC
_dDLC
_egihc
050 0 0 _aPOS - WPA - CA .01 .C544,
_bno. 1
082 _a823
_bDIC
100 _aDickens, Charles
_9386
245 0 0 _aThe shorter novels of Charles Dickens :
_bOliver Twist, Hard times, A tale of two cities & Great expectations./
_cCharles Dickens
260 _aCalifornia :
_bWordsworth,
_c2005
300 _a1310 p.
500 _aWork Projects Administration Poster Collection (Library of Congress).
520 0 _aPoster for Federal Theatre Project presentation of "The Cricket on the Hearth" at the Alcazar, 260 O'Farrell Street, San Francisco, California.
540 _aNo known restrictions on publication.
650 7 _aFiction- Short stories
_zCalifornia
_zSan Francisco
_y1930-1950.
_2lctgm
_912220
700 1 _aDickens, Charles,
_d1812-1870.
_912180
906 _a7
_bcbc
_corignew
_du
_encip
_f19
_gy-printpho
942 _2ddc
_cBK